แสดงรายละเอียดบรรณานุกรม
  กลับหน้าหลัก

Brief Record : Get Marc (ISO 2709) : E-mail record : QR code ปิดหน้าต่าง
E-books : เกี่ยวกับ Collections
LEADER 00000nama 2200000uu 4500
001    202122
003     ULIBM
008    040531s|||| th m m a000 0 tha d
020    978-974-11-1177-0
041    tha
050    WS 290 อ165ค 2552
100    อนันต์ โฆษิตเศรษฐ.
245    คลื่นไฟฟ้าหัวใจในเด็ก : การอ่านและแปลผลเพื่อการวินิจฉัยโรคในเวชปฎิบัติ/ อนันต์ โฆษิตเศรษฐ.
260    กรุงเทพฯ. โครงการตำรารามาธิบดี คณะแพทยศาสตร์ โรงพยาบาลรามาธิบดี มหาวิทยาลัยมหิดล. 2552.
300    196 หน้า.
600    1.มหาวิทยาลัยมหิดล. คณะแพทยศาสตร์โรงพยาบาลรามาธิบดี.ภาควิชากุมารเวชศาสตร์.
650    1.การรักษาด้วยไฟฟ้า - - ในวัยทารกและวัยเด็ก. 2.หัวใจ,โรค - - ในวัยทารกและวัยเด็ก. 3.หัวใจ,โรค - - การวินิจฉัย. 4.คลื่นไฟฟ้าหัวใจ - - ในวัยทารกและวัยเด็ก.
995    001
รายการนี้ยังไม่มีแท็ก
คุณยังไม่ได้ล็อกอิน คุณสามารถมีกิจกรรมร่วมกับเว็บไซต์ได้ แต่ต้องล็อกอินก่อน ::
  ล็อกอิน
ลำดับที่ ประเภท เลขเรียก สถานที่ สถานะ
1. หนังสือทั่วไป
หนังสือทั่วไป
WS 290 อ165ค 2552 ฉ.2 
  
ห้องสมุด หอพักนักศึกษา (ห้องเหลือง) On Shelf
  ขอยืม
2. หนังสือทั่วไป
หนังสือทั่วไป
WS 290 อ165ค 2552 ฉ.5 
  
ห้องสมุด หอพักนักศึกษา (ห้องเหลือง) On Shelf
  ขอยืม
   [แสดง 2/2 รายการ]

BibComment


ยังไม่เคยถูกคอมเมนท์

คอมเมนท์ทรัพยากรรายการนี้
  คอมเมนท์: คลื่นไฟฟ้าหัวใจใน..
Bib 202122

 
 
 

 Union Library Management : ULibM
Copyright 2026. All Rights Reserved.
скачать бесплатно без регистрации порно красивый секс HD Sex Hindi sex

xxx gou

xxxx

bfxxx

xxxwww

Секса Видео

xxxx

Секса Видео

detube

geilexxx

C99 Shell

worms shell

blod xxx video
Ebony Coed Rihanna Rimes Takes A Dick In Her Young Twat priyaa indian fuck anal and pusssy hardcore indian women xxx desi hardcore fucking part 1 bengalixxxcouple